000
00315 a2200157 4500
001
59905
020
_a
8575566873
040
_c
Anchieta - Pituba
100
_a
Rotterdam, Erasmo de
240
1
0
_a
De pueris
_l
por
245
1
0
_a
De pueris
300
_a
158
362
0
_a
2005
650
4
_a
Educação
942
_c
BK
999
_c
59905
_d
59905